00687nam a22002057a 450000500170000001000130001702000220003003500130005203700160006504000120008108200160009310000180010924500940012726000370022127000970025830000250035550000490038065000150042965000370044420170124110159.0 aA-680530 c00.00a8171547370 aA-680530 bCen Lib/Ret aDPLbEN a181.41bBAH aBahirat, B.P. aThe philosophy of jnanadeva :cby B.P. Bahiratbas gleaned from the Amṛtānubhava / aBombayb Popular Prakashanc1956 a35-C, Pandit Madan Mohan Malaviya Marg Popular Press Bldg. opp. Roche TardeobBombaye400034 axii,277p. c21cm(Hb) aIncludes bibliographical reference and index aPhilosophy aAmr̥tānubhava (Jñānadeva)